Statystyki dla Quiz o Wyspach Owczych

Kliknij tutaj aby rozwiązać quiz!

Ogólne statystyki

  • Ten quiz został rozwiązany 20 razy
    (14 od ostatniego zresetowania)
  • Średni wynik to 13 z 26

Statystyki odpowiedzi

PytanieOdpowiedź% Poprawnych
Język urzędowyDuński
100%
Jest to TerytoriumDania
91%
Druga najludniejsza NarodowośćDuńczycy
91%
Leżą nad OceanemOcean Atlantycki
91%
WalutaKorona Duńska
82%
Język urzędowyFarerski
73%
Czwarta najludniejsza NarodowośćNorwegowie
73%
Najpopularniejszy SportPiłka nożna
73%
Piąta najludniejsza NarodowośćPolacy
73%
StolicaThorshavn
73%
Trzecia najludniejsza NarodowośćIslandczycy
64%
Ludność50 tyś.
55%
Religia dominującaLuteranizm
55%
Najludniesza NarodowośćFarerowie
45%
WalutaKorona Wysp Owczych
45%
Domena Internetowa.fo
27%
Region na Wyspach OwczychSuduroy
27%
Zwierzę przedstawione na HerbieBaran
18%
Drugie największe miastoKlaksvik
18%
Region na Wyspach OwczychNordoyar
18%
Region na Wyspach OwczychVágar
18%
Region na Wyspach OwczychEysturoy
9%
Trzecie największe miastoHoyvik
9%
Region na Wyspach OwczychSandoy
9%
Region na Wyspach OwczychStreymoy
9%
Jedyna TelewizjaSvF
9%

Rozkład punktacji

Percentyl według liczby udzielonych odpowiedzi

Procent ludzi z każdym wynikiem

Twoja historia wyników

Nie rozwiązałeś tego quizu od ostatniego zresetowania